| 000 | 00423nam a2200169Ia 4500 | ||
|---|---|---|---|
| 003 | STCL | ||
| 008 | 181203s9999 xx 000 0 und d | ||
| 020 | _a9780761998105 | ||
| 040 |
_aSTCL _bEN _cSTCL |
||
| 082 | _222 | ||
| 100 | _aVilanilam, J.V. | ||
| 245 | 0 | _aAdvertising basics: A resource guide for beginners | |
| 260 |
_bSage Publications _aNew Delhi _c2016 |
||
| 300 | _a200 | ||
| 546 | _aEnglish | ||
| 942 |
_2ddc _cBK |
||
| 999 |
_c86005 _d86005 |
||